000 01161nam a22003497a 4500
001 BR7905482
003 BR-BrBNA
005 20230928090051.0
007 ta
008 230509b bl.||||| |||| 00| 0 por d
040 _aBR-BrBNA
_bpor
_cBiblioteca Nacional de Agricultura
041 _a(Por)
072 _aA50; F00; E15
_b0120
_b1410
_b/G514
_bGG60
_b/GZ12
090 _ 0120 BR7905482
110 1 _aCentro de Pesquisa Agropecuaria do Tropico Semi Arido, Petrolina, PE (Brasil)
245 1 _aProjeto: desenvolvimento de sistemas de producao para areas de sequeiro [Milho; Zea mays; Feijao; Phaseolus vulgaris; America tropical; Zona semi arida; Brasil]
_bResultados parciais obtidos; experimentos em andamento
260 3 _aPetrolina, PE (Brasil):
_c1979.
300 _a47 p.
500 _a17 tables
650 _aPesquisa
650 _aProducao vegetal
650 _aMicroeconomia
650 _aMilho
650 _aFeijao
650 _aPesquisa agricola
650 _aPratica cultural
650 _aSistema de producao
650 _aAmerica tropical
650 _aZona semi-arida
909 _a202309
_bLucia
_c55
_dLucia Elande
942 _cBK
999 _c27676
_d27676